| 000 | 00734cam a2200229 i 4500 | ||
|---|---|---|---|
| 999 |
_c3891 _d3891 |
||
| 001 | 18469 | ||
| 003 | BD-DhUAP | ||
| 005 | 20200315105409.0 | ||
| 008 | 200315s1979 nyu b 001 0 eng | ||
| 020 | _a0393044750 | ||
| 020 | _a0393090922 (pbk.) | ||
| 040 |
_aDLC _cDLC _dBD-DhUAP _bEng |
||
| 082 | 0 | 0 |
_223 _a821.8 ROB |
| 245 | 0 | 0 |
_aRobert Browning's poetry : _bauthoritative texts, criticism / _cSelected and edited by James F. Loucks. |
| 260 |
_aNew York : _bNorton, _cc1979. |
||
| 300 |
_axvi, 604 pages ; _c22 cm. |
||
| 490 | 0 | _aA Norton critical edition | |
| 504 | _aIncludes bibliographies and index. | ||
| 600 | 1 | 0 |
_aBrowning, Robert, _d1812-1889 _xCriticism and interpretation. |
| 700 | 1 | _aLoucks, James F. | |
| 942 |
_2ddc _cBK |
||